| 000 | 00593nam a2200217Ia 4500 | ||
|---|---|---|---|
| 005 | 20260429111845.0 | ||
| 008 | 260429s9999||||xx |||||||||||||| ||und|| | ||
| 020 | _a9789349830561 | ||
| 041 | _aEnglish | ||
| 082 |
_a006.31 _bSIN |
||
| 100 | _aSingh, Sandeep | ||
| 245 | 0 |
_aMachine learning and deep learning fundamentals / _cSandeep Singh |
|
| 250 | _a1st ed. | ||
| 260 |
_aNew Delhi : _bAne Books, _c2026. |
||
| 300 | _avi, 248 p.; hb | ||
| 650 | _a Artificial intelligence | ||
| 650 | _a Deep learning | ||
| 650 | _a Machine learning | ||
| 650 | _aComputer science | ||
| 942 | _cTB | ||
| 999 |
_c51159 _d51159 |
||